Statistics for Capital to Country Decoder

Click here to take the quiz!

General Stats

  • This quiz has been taken 657 times
  • The average score is 14 of 17

Answer Stats

HintAnswer% Correct
ECairoEgypt
99%
INew DelhiIndia
98%
IJerusalemIsrael
97%
ABuenos AiresArgentina
96%
RBucharestRomania
92%
UAbu DhabiUnited Arab Emirates
90%
UMontevideoUruguay
87%
OMuscatOman
85%
QDohaQatar
85%
Final CountryEquatorial Guinea
77%
AYerevanArmenia
75%
LVientianeLaos
72%
TAshgabatTurkmenistan
70%
GGeorgetownGuyana
66%
NManaguaNicaragua
66%
ASt John'sAntigua and Barbuda
65%
EDiliEast Timor
61%

Score Distribution

Percentile by Number Answered

Percent of People with Each Score

Your Score History

You have not taken this quiz